Normal view MARC view
  • Mokhnacheva, Daria

Entry Personal Name

Number of records used in: 1

001 - CONTROL NUMBER

  • control field: 274

003 - CONTROL NUMBER IDENTIFIER

  • control field: DLC

005 - DATE AND TIME OF LATEST TRANSACTION

  • control field: 20230727071610.0

008 - FIXED-LENGTH DATA ELEMENTS

  • fixed length control field: 160512n| azannaabn |n aaa

010 ## - LIBRARY OF CONGRESS CONTROL NUMBER

  • LC control number: n 2016026177

040 ## - CATALOGING SOURCE

  • Original cataloging agency: DLC
  • Language of cataloging: eng
  • Transcribing agency: DLC
  • Description conventions: rda
  • Modifying agency: DLC

100 1# - HEADING--PERSONAL NAME

  • Personal name: Mokhnacheva, Daria

375 ## - GENDER

  • Gender: female

377 ## - ASSOCIATED LANGUAGE

  • Language code: eng

670 ## - SOURCE DATA FOUND

  • Source citation: The atlas of environmental migration, 2016:
  • Information found: ECIP data view (Daria Mokhnacheva)

670 ## - SOURCE DATA FOUND

  • Source citation: Mokhnacheva, Daria website, May 12, 2016
  • Information found: (Daria Mokhnacheva; Project Officer - Migration, Environment, Climate Change at International Organization for Migration (IOM), November 2012 -)